Catalog

Record Details

Catalog Search



Available copies

  • 1 of 2 copies available at LARL/NWRL Consortium.
  • 1 of 2 copies available at Lake Agassiz Regional Library. (Show preferred library)

Current holds

0 current holds with 2 total copies.

Show Only Available Copies
Location Call Number / Copy Notes Barcode Shelving Location Status Due Date
Detroit Lakes Public Library ASC (Text) 33500014143713 Main Available -
Moorhead Public Library ASC (Text) 33500014143721 Main Checked out 07/20/2026

Record details

  • ISBN: 9781496755858
  • ISBN: 1496755855
  • Physical Description: 359 pages : illustration ; 21 cm.
  • Publisher: New York, NY : Kensington Publishing Corp., 2025.

Content descriptions

General Note:
Includes an excerpt from My Demon Hunter by Aurora Ascher.
Summary, etc.:
"Clearly, for Ash, a career as a musician isn't ... Read More
Source of Description Note:
Description based on publisher data; resource not ... Read More
Subject: Man-woman relationships > Fiction.
Blessing and cursing > Fiction.
Musicians > Fiction.
Women violinists > Fiction.
Brothers > Fiction.
Demonology > Fiction.
Hell > Fiction.
Genre: Romance fiction.
Paranormal fiction.
LDR 02012cam a2200433 i 4500
001452815
003LARL_NWRL_CONSORTIUM
00520250122221016.0
008240823t20252021nyua e 000 1 eng d
040 . ‡aIG# ‡beng ‡erda ‡cIG# ‡dOI6 ‡dRNL
020 . ‡a9781496755858 ‡q(paperback)
020 . ‡a1496755855 ‡q(paperback)
035 . ‡a(OCoLC)1464703032
08204. ‡a[Fic] ‡223
1001 . ‡aAscher, Aurora, ‡eauthor.
24510. ‡aMy funny demon Valentine / ‡cAurora Ascher.
264 1. ‡aNew York, NY : ‡bKensington Publishing Corp., ‡c2025.
264 4. ‡c©2021
300 . ‡a359 pages : ‡billustration ; ‡c21 cm.
336 . ‡atext ‡btxt ‡2rdacontent
337 . ‡aunmediated ‡bn ‡2rdamedia
338 . ‡avolume ‡bnc ‡2rdacarrier
4900 . ‡aHell Bent ; ‡v1
500 . ‡aIncludes an excerpt from My Demon Hunter by Aurora Ascher.
520 . ‡a"Clearly, for Ash, a career as a musician isn't exactly an option. Plus, he's cursed. Sick of playing by the rules, Ash and his three brothers escape Hell in search of freedom on Earth. But it's harder than they thought to keep their enemies off their tail...The four rogues quickly become the Underworld's Most Wanted, and if they're caught, the consequences will be dire. Yet everything changes for Ash when he meets a beautiful violinist who can see through his curse. It must be too good to be true, but, no matter the risk, he has to have her"-- Amazon.com
588 . ‡aDescription based on publisher data; resource not viewed. ‡5TLvILS
650 0. ‡aMan-woman relationships ‡vFiction. ‡0(LARL_NWRL_CONSORTIUM)165985
650 0. ‡aBlessing and cursing ‡vFiction. ‡0(LARL_NWRL_CONSORTIUM)163718
650 0. ‡aMusicians ‡vFiction. ‡0(LARL_NWRL_CONSORTIUM)166045
650 0. ‡aWomen violinists ‡vFiction.
650 0. ‡aBrothers ‡vFiction. ‡0(LARL_NWRL_CONSORTIUM)163686
650 0. ‡aDemonology ‡vFiction. ‡0(LARL_NWRL_CONSORTIUM)168972
650 0. ‡aHell ‡vFiction.
655 7. ‡aRomance fiction. ‡2lcgft
655 7. ‡aParanormal fiction. ‡2lcgft
901 . ‡a452815 ‡bOCoLC ‡c452815 ‡tbiblio ‡soclc

Additional Resources